Determinants of dividend policy in indian Industries: an empirical analysis (Record no. 39838)
[ view plain ]
| 000 -LEADER | |
|---|---|
| fixed length control field | 00644nam a2200157 a 4500 |
| 008 - FIXED-LENGTH DATA ELEMENTS--GENERAL INFORMATION | |
| fixed length control field | 120202s2009 ||||||||||||||||| || u |
| 050 ## - LIBRARY OF CONGRESS CALL NUMBER | |
| Classification number | THESIS/POSTGRADUATE |
| 100 ## - MAIN ENTRY--PERSONAL NAME | |
| Personal name | Sadhahar, M |
| 245 10 - TITLE STATEMENT | |
| Title | Determinants of dividend policy in indian Industries: an empirical analysis |
| 260 ## - PUBLICATION, DISTRIBUTION, ETC. | |
| Place of publication, distribution, etc. | Nadu, India |
| Name of publisher, distributor, etc. | Bharathiar, Postgraduate and reserach Department of Commerce |
| Date of publication, distribution, etc. | 2009 |
| 350 ## - PRICE (NR) (BK AM CF MU VM SE) [OBSOLETE] | |
| Price | 0.00 |
| 650 ## - SUBJECT ADDED ENTRY--TOPICAL TERM | |
| Topical term or geographic name entry element | DIVIDENDS--DEVELOPING COUNTIRES |
| 650 #0 - SUBJECT ADDED ENTRY--TOPICAL TERM | |
| Topical term or geographic name entry element | COMMERCE |
| 650 ## - SUBJECT ADDED ENTRY--TOPICAL TERM | |
| Topical term or geographic name entry element | DIVIDENDS |
| 995 ## - RECOMMENDATION 995 [LOCAL, UNIMARC FRANCE] | |
| -- | 0.00 |
| -- | CBU-MAIN LIBRARY (Kitwe) |
| -- | 1 |
| -- | 0.00 |
| -- | 1 |
| -- | AVAILABLE |
| -- | Feb 2, 2012 |
| -- | University Collection |
| Withdrawn status | Lost status | Source of classification or shelving scheme | Damaged status | Not for loan | Home library | Current library | Shelving location | Date acquired | Total Checkouts | Full call number | Barcode | Date last seen | Price effective from | Koha item type |
|---|---|---|---|---|---|---|---|---|---|---|---|---|---|---|
| CBU-MAIN LIBRARY, KITWE. | CBU-MAIN LIBRARY, KITWE. | 11/30/2022 | THESIS/POSTGRADUATE | 03008485 | 11/30/2022 | 11/30/2022 | MONOGRAPH |